Städte Nordrhein-Westfalens - Sudden Death - Statistiken

Allgemein
  • Dieses Quiz wurde 2.686 mal gespielt
    539 seit der letzten Aktualisierung
  • Das Durchschnittsergebnis liegt bei 7 aus 16
Answers on the Grid
Answers color-coded by a green-red scale on the quiz's grid according to % correct below.
Bonn
Münster
Sulingen
Essen
Neustadt in Westfalen
Gladbach
Aachen
Rheinau
Aalen
Venlo
Düren
Krefeld
Mühlheim am Rhein
Köln
Soest
Bühl
Detmold
Euskirchen
Merzig
Delmenhorst
Stadthagen
Arnsberg
Hamm
Warenstein
Dortmund
Gelsenhausen
Lüdenstadt
Siegen
Dülmen
Paderborn
 
Antwortstatistiken
Antwort % Korrekt
Dortmund
62%
Köln
62%
Essen
58%
Aachen
55%
Bonn
55%
Münster
51%
Krefeld
49%
Paderborn
43%
Siegen
43%
Hamm
41%
Detmold
36%
Düren
36%
Euskirchen
36%
Soest
36%
Arnsberg
33%
Dülmen
22%
Keine übereinstimmenden Quizze gefunden
Verteilung der Resultate
Anzahl Personen mit jedem Resultat
Perzentil nach korrekt beantworteten Fragen
Ihre Resultats-Entwicklung
Sie haben dieses Quiz seit der letzten Aktualisierung nicht gespielt